000 00320nam a22001337a 4500
008 170928b xxu||||| |||| 00| 0 eng d
020 _a9780205198948
041 _aeng
080 _a37
100 _a47
101 _aEDU
245 _aLANGUAGE AND COMMUNICATION DISORDERS IN CHILDREN
_cBERNSTEIN,D.K
942 _2udc
_cBK
999 _c30531
_d30531